000 01103cam a2200241 4500
001 J121824
008 000000n 000 0 eng u
035 _a(Sirsi) u122482
041 _aeng
050 _a333.332
_c18
110 _aHome Inspectors Certification Steering Group
_94458
245 _aHome condition report
260 _aLondon
_bODPM
_c200?
520 _aDraft of the home condition report, which will form the basis of the home information packs proposed in the Homes Bill. The document forms a part of the OPDM home buying and selling policy website which outlines the development of the Housing Bill and HIPs. View at www.housing.odpm.gov.uk.
650 _aHOME INFORMATION PACKS
650 _aHOME CONDITION REPORTS
650 _aHOMES BILL 2001
650 _aHOUSING BILL 2003
690 _aPROPERTY AND LAND LAW-AGENCY-RESIDENTIAL
710 _aUnited Kingdom
_bOffice of the Deputy Prime Minister
856 _uhttps://webarchive.nationalarchives.gov.uk/+/http://www.communities.gov.uk/index.asp?id=1151015
_zView the draft (pdf 73kb) on the DCLG website...
942 _n0
999 _c102857
_d102857